Ο ερχομός στη ζωή : πως τα γονίδια κατευθύνουν την ανάπτυξη

Αποθηκεύτηκε σε:
Λεπτομέρειες βιβλιογραφικής εγγραφής
Κύριος συγγραφέας: Nusslein-Volhard, C. (Christiane)
Άλλοι συγγραφείς: Τσολάκης, Γεώργιος (Επιμελητής έκδοσης, Μεταφραστής)
Μορφή: Βιβλίο
Γλώσσα:Greek
German
Δημοσίευση: Αθήνα : Κάτοπτρο, 2013.
Θέματα:
Ετικέτες: Προσθήκη ετικέτας
Δεν υπάρχουν, Καταχωρήστε ετικέτα πρώτοι!

MARC

LEADER 00000cam a2200000 i 4500
001 1/60798
008 141203s2013 gr | ||| |||| ||gre||
020 |a 9789606717789 
035 |l 10119937 
040 |a GR-MyUA  |b gre  |e AACR2 
041 1 |a gre  |h ger 
082 0 |a 576.5   |2 (23) 
100 1 |a Nusslein-Volhard, C.   |q (Christiane) 
245 1 2 |a Ο ερχομός στη ζωή :   |b πως τα γονίδια κατευθύνουν την ανάπτυξη /   |c Christiane Nusslein-Volhard ; μετάφραση - επιστημονική επιμέλεια Γεώργιος Τσολάκης.  
260 |a Αθήνα :   |b Κάτοπτρο,   |c 2013.  
300 |a 277 σ. :   |b εικ. ;   |c 22 εκ.  
500 |a Τίτλος πρωτοτύπου: Das werden des lebens: wie gene die entwicklung steuern.  
504 |a Περιέχει ευρετήριο.  
650 0 0 |a Developmental genetics  |x Popular works. 
650 0 0 |a Evolutionary genetics  |x Popular works. 
650 0 0 |a Developmental biology. 
650 0 0 |a Genetics. 
650 0 0 |a Evolution, Molecular. 
700 1 |a Τσολάκης, Γεώργιος,  |e edt  |e trl 
852 |a INST  |b SAMOS  |e 20141203  |h 576.5 NUS  |p 005300037237  |q 005300037237  |t BK  |y 0 
901 |a BIBL3-2014-3 
909 |a Σ  |b 189647 
922 |a 3ΕΛΗ  |b 201405  |c ΤΜΗΜΑ ΜΑΘΗΜΑΤΙΚΩΝ  |d BEST BOOK HUNETRS 
970 |a ΚΟΣΙΕΡΗΣ  |b ΧΡΗΣΤΟΣ  |z 2014/12/03